00325 a2200109 450000500170000002000180001710000180003524500470005326000420010030000560014270000170019820250628155501.0 a0-07-248375-X aEDMONDS, T. P aFundamental Managerial Accounting Concepts aNew York, bIrwin McGraw-Hill, c2000 axxvii, 625p.: ill.; picture, table. bIndex. c27cm aEDMOND, C. D